000 00277nam a22001337a 4500
008 170914b xxu||||| |||| 00| 0 eng d
020 _a9783822837627
041 _aeng
080 _a7
100 _a44
101 _aART
245 _aSCHIELE
_cFISHER.W.G
942 _2udc
_cBK
999 _c27550
_d27550